<?xml version="1.0" encoding="UTF-8"?>
<collection xmlns="http://www.loc.gov/MARC21/slim">
 <record>
  <leader>01026nam a22002177a 4500</leader>
  <controlfield tag="001">NCT_64369</controlfield>
  <controlfield tag="008">190511b        xxu||||| |||| 00| 0 vie d</controlfield>
  <datafield tag="999" ind1=" " ind2=" ">
   <subfield code="c">3115</subfield>
   <subfield code="d">3115</subfield>
  </datafield>
  <datafield tag="020" ind1=" " ind2=" ">
   <subfield code="a">9786041085343</subfield>
   <subfield code="c">87000</subfield>
  </datafield>
  <datafield tag="082" ind1="0" ind2="4">
   <subfield code="2">23rd ed.</subfield>
   <subfield code="a">332.024</subfield>
   <subfield code="b">K46/T.13</subfield>
  </datafield>
  <datafield tag="100" ind1="1" ind2=" ">
   <subfield code="a">Kiyosaki, Robert T.</subfield>
  </datafield>
  <datafield tag="245" ind1="1" ind2="0">
   <subfield code="a">Dạy con làm giàu</subfield>
   <subfield code="n">Tập 13</subfield>
   <subfield code="p">Nâng cao chỉ số IQ tài chính</subfield>
   <subfield code="c">Robert T. Kiyosaki ; Lâm Vũ Gia Minh (dịch)</subfield>
  </datafield>
  <datafield tag="250" ind1=" " ind2=" ">
   <subfield code="a">Tái bản lần thứ 10</subfield>
  </datafield>
  <datafield tag="260" ind1=" " ind2=" ">
   <subfield code="a">Tp. Hồ Chí Minh</subfield>
   <subfield code="b">Nxb. Trẻ</subfield>
   <subfield code="c">2016</subfield>
  </datafield>
  <datafield tag="300" ind1=" " ind2=" ">
   <subfield code="a">328 tr.</subfield>
   <subfield code="c">21cm</subfield>
  </datafield>
  <datafield tag="653" ind1=" " ind2=" ">
   <subfield code="a">Sách tham khảo</subfield>
  </datafield>
  <datafield tag="700" ind1="1" ind2=" ">
   <subfield code="a">Lâm Vũ Gia Minh</subfield>
   <subfield code="e">Dịch</subfield>
  </datafield>
  <datafield tag="942" ind1=" " ind2=" ">
   <subfield code="2">ddc</subfield>
   <subfield code="c">BK</subfield>
  </datafield>
  <datafield tag="952" ind1=" " ind2=" ">
   <subfield code="0">0</subfield>
   <subfield code="1">0</subfield>
   <subfield code="2">ddc</subfield>
   <subfield code="4">0</subfield>
   <subfield code="6">332_024000000000000_K46_T_13</subfield>
   <subfield code="7">0</subfield>
   <subfield code="9">16853</subfield>
   <subfield code="a">000001</subfield>
   <subfield code="b">000001</subfield>
   <subfield code="d">2019-05-11</subfield>
   <subfield code="o">332.024 K46/T.13</subfield>
   <subfield code="p">TK.01387</subfield>
   <subfield code="r">2019-05-11</subfield>
   <subfield code="v">87000.00</subfield>
   <subfield code="w">2019-05-11</subfield>
   <subfield code="y">BK</subfield>
  </datafield>
  <datafield tag="952" ind1=" " ind2=" ">
   <subfield code="0">0</subfield>
   <subfield code="1">0</subfield>
   <subfield code="2">ddc</subfield>
   <subfield code="4">0</subfield>
   <subfield code="6">332_024000000000000_K46_T_13</subfield>
   <subfield code="7">0</subfield>
   <subfield code="9">16854</subfield>
   <subfield code="a">000001</subfield>
   <subfield code="b">000001</subfield>
   <subfield code="d">2019-05-11</subfield>
   <subfield code="o">332.024 K46/T.13</subfield>
   <subfield code="p">TK.01388</subfield>
   <subfield code="r">2019-05-11</subfield>
   <subfield code="v">87000.00</subfield>
   <subfield code="w">2019-05-11</subfield>
   <subfield code="y">BK</subfield>
  </datafield>
  <datafield tag="980" ind1=" " ind2=" ">
   <subfield code="a">Thư viện Trường Đại học Nam Cần Thơ</subfield>
  </datafield>
 </record>
</collection>
